000 00655nam a2200217Ia 4500
003 GCL
008 140319s9999 xx 000 0 ara d
020 _a?179305977
040 _aGCL /
_cGCL
082 0 4 _a843
_bب و
100 1 _aهدى حسين
245 1 0 _aوضع حد /
_cهدى حسين
700 1 _aبيجو , فرانك
260 _aالقاهرة :
_bالمجلس الاعلى للثقافة ،
_c2000
300 _a72 ص ؛
_c19 سم
490 _aالمشروع القومى للترجمة
_v171
650 0 4 _aالادب الفرنسى
650 0 4 _aالقصص
650 0 4 _aالادب الفرنسى المترجم
942 _2ddc
_cBK
999 _c624
_d624